000 00737nac a22002417a 4500
001 BR0000205
003 BR-BrBNA
005 20240105122336.0
008 230509b bl.|||m| |||| 00| 0 por d
040 _aBR-BrBNA
_bpor
_cBiblioteca Nacional de Agricultura
072 _aE12
090 _aE12 BR0000205
110 1 _aConfederacao Nacional da Agricultura, Brasilia, DF (Brasil)
_92518
245 1 _aContribuicao sindical 1997 - nossa uniao, nossa forca
260 3 _aBrasilia, DF (Brasil):
_c1997.
300 _a8 p.
490 _aColetania Estudos Gleba (Brazil)
_vno. 5
_x
650 _aSindicato
650 _aTrabalho
650 _aEmpresa Rural
909 _a202312
_bLúcia Elande
_c55
_dLúcia Elande
942 _2AGRIS
_n0
_cMS
999 _c290523
_d290523